| 000 | 01124nmc a2200361 a 4500 | ||
|---|---|---|---|
| 003 | AR-BaBNM | ||
| 005 | 20251128203042.0 | ||
| 008 | 011101s[ca. ||||||||||||||000 | spa|| | ||
| 020 | _a84-7522-616-5 | ||
| 040 | _cAR-BaBNM | ||
| 100 | 1 | _aPerret-Clermont, Anne-Nelly | |
| 245 | 1 | 0 |
_aLa construcción de la inteligencia en la interacción social _baprendiendo con los compañeros |
| 260 |
_aMadrid _bVisor _c[ca. 1984] |
||
| 300 | 0 |
_a245 p. _bdiagr., tablas |
|
| 490 | 0 |
_aAprendizaje _vv. 16 |
|
| 504 | _aBibliografía: p. 237-245 | ||
| 650 | 4 | _aPSICOLOGIA DE LA EDUCACION | |
| 650 | 4 | _aDESARROLLO COGNOSCITIVO | |
| 650 | 4 | _aPROCESO COGNOSCITIVO | |
| 650 | 4 | _aENSENANZA EN GRUPO | |
| 650 | 4 | _aACTIVIDADES EN GRUPO | |
| 650 | 4 | _aSOCIALIZACION | |
| 653 | 0 | _aPROCESO DE ENSENANZA-APRENDIZAJE | |
| 653 | 0 | _aFRACASO ESCOLAR | |
| 700 | 1 |
_aSansalvadó, Marcos _etraductor |
|
| 700 | 1 |
_aDoise, Willem _eprologuista |
|
| 800 | 1 |
_aAlvarez, Amelia _edirector |
|
| 800 | 1 |
_aColl, César _edirector |
|
| 800 | 1 |
_aPalacios, Jesús _edirector |
|
| 800 | 1 |
_aDel Río, Pablo _edirector |
|
| 942 | _cBK | ||
| 998 | _cSILVI | ||
| 999 |
_c1674 _d1674 |
||